Villes mondiales finissant par E #1 - Statistiques

Statistiques générales
  • Ce quiz a été pris 100 fois
  • Le résultat moyen est 15 sur 20
Statistiques - réponses
Question Ville % Correct
Le Vatican est enclavé à l'intérieur de celle-ci Rome
100%
1/4 d'heure sépare cette grand mégalopole africaine aux pyramides Le Caire
99%
Elle abrite le Monastère des Hiéronymites au pays de Cristiano Ronaldo Lisbonne
98%
OM, Jul, Notre-Dame de la Garde, Plages du Prado Marseille
98%
Capitale de la Suisse qui est entourée par l'Aar Berne
97%
Le Zloty est la monnaie la plus répandue dans cette grande ville polonaise Varsovie
97%
Messi à gagné la majorité de ses ballons d'or dans ce club espagnol Barcelone
93%
Au Philippines, elle se situe sur l'île de Luçon Manille
91%
Hauts-de-France - LOSC- Le Nord Lille
90%
L'Open d'Australie de tennis a lieu chaque année dans cette ville Melbourne
84%
_ _ _ _ _ _ _ et Principe Sao Tomé
83%
En Arabie Saoudite, cette ville abrite la Kaaba La Mecque
76%
Ville de Californie que l'on trouve aussi au Costa Rica San José
66%
Change une lettre du pays de la question précédente, pour en faire une ville allemande Cologne
63%
Plus grande ville d'un archipel indien commençant avec les même lettres Malé
58%
Porto au Portugal, Porto Vecchio en France, mais comment se nomme celui du Brésil Porto Alegre
49%
Plus grande ville de la Pennsylvanie Philadelphie
47%
Capitale du Botswana Gaborone
44%
Grande ville au Nord-Est du Brésil Recife
33%
Au Maroc, on y mange ni gras ni sucré Salé
24%
Aucun quiz correspondant
Distribution des résultats
% des personnes avec chaque résultat
Percentile par nombre de réponses
Votre historique - résultats
Vous n’avez pas pris ce quiz